000 00825nam a2200145Ia 4500
008 100415s9999 xx 000 0 und d
082 _b1202
_a580(548)
100 _aTrimen Henry
245 _aA hand-book to the flora of Ceylon : containing descriptions of all teh species of flowering plants indigenous to the island and notes on their history, distribution and uses
260 _aLONDON
_c1895
_bDULAU & CO,
365 _b0
630 _aA hand-book to the flora of Ceylon : containing descriptions of all teh species of flowering plants indigenous to the island and notes on their history, distribution and uses
730 _aA hand-book to the flora of Ceylon : containing descriptions of all teh species of flowering plants indigenous to the island and notes on their history, distribution and uses
942 _cBOOK
999 _c584260
_d584257